000
00317 a2200169 4500
001
175450
020
_a
978-85-02-07473-6
040
_c
Magnum
100
_a
Lopes, Sônia
240
1
0
_a
Bio
_l
por
245
1
0
_a
Bio
300
_a
783
362
0
_a
2008
440
1
_a
Saraiva
697
_a
BIOLOGIA
942
_c
BK
999
_c
175450
_d
175450